00393nam a2200157Ia 45000010006000000050017000060080041000230410008000640820015000721000026000872450069001132600009001823000028001916500008002196540008002271797820260306171556.0260306s9999||||xx |||||||||||||| ||und|| aESP a658.3bS38 aSenlle, AndréseAUT 0aGestión estratégica de RR.HH para la calidad y la excelencia c2007 a203 páginas :c25 cm. aGEN aCAN